Szczegóły MARC21

Das leere Grab im Moor und Das Paket mit dem Totenkopf : grosser Doppel-Band : zwei Krimis in einem Band /

003 -Nazwa inst., której nr kontr. jest w polu 001 [,]
    • @
    • Nazwa instytucji, której n kontrolny jest w polu 001
    • NUKAT
005 -DATA I CZAS OSTATNIEJ MODYFIKACJI [,]
    • @
    • pole kontrolne
    • 20241231102001.0
020 -Międzynarod. znormalizowany nr książki - ISBN [ , ]
    • a
    • Numer ISBN
    • 3814499026 Find
040 -Instytucja sporządzająca opis [ , ]
    • a
    • Instytucja, która sporządziła opis (NP)
    • SZCZ U/JS
    • b
    • Język katalogowania
    • pol
    • e
    • Zasady katalogowania
    • rda
    • c
    • Instytucja, która sporządziła rekord (NP)
    • SZCZ U/JSs
942 -Rodzaj dokumentu [ , ]
    • c
    • Rodzaj dokumentu
    • Książka
100 -Hasło główne - nazwa osobowa [1, ]
    • a
    • Nazwa osobowa (NP)
    • Wolf, Stefan
    • d
    • Daty biograficzne (NP)
    • (1938-2007).
    • e
    • Rodzaj współpracy
    • Autor
    • 9
    • KHW
    • 535578
240 -Tytuł ujednolicony [1,0]
    • a
    • Tytuł ujednolicony
    • Leere Grab im Moor
    • l
    • Język tekstu
    • (niem.)
    • 9
    • KHW
    • 535583
245 -Strefa tytułu i oznaczenia odpowiedzialności [1,4]
    • a
    • Tytuł
    • Das leere Grab im Moor und Das Paket mit dem Totenkopf : grosser Doppel-Band : zwei Krimis in einem Band / Find
    • c
    • Pozostałe elementy strefy tytułu i oznaczenia odpowiedzialności (NP)
    • Stefan Wolf.
250 -Strefa wydania [ , ]
    • a
    • Oznaczenie wydania (NP)
    • Auflage 1.
260 -Strefa adresu wydawniczego [ , ]
    • a
    • Miejsce wydania (P)
    • Hannover :
    • b
    • Nazwa wydawcy (P)
    • Pelikan,
    • c
    • Data wydania (P)
    • © 1988.
300 -Strefa opisu fizycznego [ , ]
    • a
    • Określenie formy książki i/lub objętość (NP)
    • 380 stron :
    • b
    • Oznaczenie ilustracji (NP)
    • ilustracje ;
    • c
    • Format (NP)
    • 19 cm.
336 -Typ zawartości [ , ]
    • a
    • Termin opisujący typ zawartości
    • Tekst
    • b
    • Kod określający zawartość
    • txt
    • 2
    • Źródło (terminu i kodu)
    • rdacontent
337 -Typ mediów [ , ]
    • a
    • Tryb odtwarzania
    • Bez urządzenia pośredniczącego
    • b
    • Kod typu mediów
    • n
    • 2
    • Źródło (terminu i kodu)
    • rdamedia
338 -Typ/rodzaj nośnika [ , ]
    • a
    • Hasło opisujące typ nośnika
    • Wolumin
    • b
    • Kod typu nośnika
    • nc
    • 2
    • Źródło (terminu i kodu)
    • rdacarrier
490 -Strefa serii i książki wielotomowej - forma nie do wyszukiwania [1, ]
    • a
    • Tytuł (P)
    • Ein Fall für TKKG / Stefan Wolf ; Find
    • v
    • Numeracja (P)
    • 3+4
830 -Hasło dodatkowe serii i opisu książki wielotomowej - tytuł ujednolicony/tytuł [ ,4]
    • a
    • Tytuł ujednolicony/tytuł (NP)
    • Ein Jugendbuch von Pelikan
    • 9
    • KHW
    • 535584
655 -Hasło w funkcji tematu formalnego [ ,7]
    • a
    • Hasło
    • Powieść niemiecka dla młodzieży
    • y
    • Określnik chronologiczny
    • 1970-1990.
    • 2
    • Źródło terminu
    • kaba
    • 9
    • KHW
    • 515699
700 -Hasło dodatkowe - nazwa osobowa [1,2]
    • a
    • Nazwa osobowa (NP)
    • Wolf, Stefan Find
    • d
    • Daty biograficzne (NP)
    • (1938-2007).
    • t
    • Tytuł ujednolicony/tytuł (NP)
    • Paket mit dem Totenkopf Find
    • l
    • Język tekstu (NP)
    • (niem.)
    • 9
    • KHW
    • 535580
710 -Hasło dodatkowe - nazwa ciała zbiorowego [2, ]
    • a
    • Nazwa ciała zbiorowego lub nazwa geograficzna jako pierwszy element (NP)
    • Pelikan Vertriebsgesellschaf.
    • e
    • Rodzaj współpracy
    • Wydawca
    • 4
    • Kod relacji
    • pbl
    • 9
    • KHW
    • 535582
800 -Hasło dodatkowe opisu książki wielotomowej - nazwa osobowa [1, ]
    • a
    • Nazwa osobowa (NP)
    • Wolf, Stefan
    • d
    • Daty biograficzne (NP)
    • (1938-2007).
    • t
    • Tytuł ujednolicony/tytuł (NP)
    • Fall für TKKG
    • v
    • Oznaczenie tomu (NP)
    • 3+4
    • 9
    • KHW
    • 535581
920 -ISBN [ , ]
    • a
    • ISBN
    • 3-8144-9902-6 Find
Sygnatura Lokalizacja Data inwentaryzacji Numer inwentarzowy Status udost.
Germ. Literatura dla dzieci 60BM2020-02-27BC.13788-3